Регионална библиотека "Любен Каравелов" - Русе

Книжарницата край плажа (Запис номер 430747)

MARC детайли
000 -Лидер
Контролно поле с фиксирана дължина 01139nam a2200277 a 4500
003 - Код на организацията, давaща контролен номер
Контролно поле BLK
005 - Дата и час на последна редакция
Контролно поле 20250721115540.0
008 - Елементи от данни с фиксирана дължина
fixed length control field 210901b bu |||||r|||| 00| | bu d
020 ## - Международен стандартен номер на книга ISBN
Международен стандартен номер на книга ISBN 9789542836124
040 ## - Източник на каталожния запис
Идентификатор на билиотеката - собственик на записа BLK
041 ## - Код за език
Код за езика на текст/звукозапис или на отделно заглавие Български
Код за езика КДБФ Български
080 ## - УДК
Текстов определител УДК Американска литература (на САЩ)
УДК код - определител по УДК 821.111(73)
УДК определител -31
УДК - код + определител 821.111(73)-31
100 ## - Редна дума - Автор
R(LIN) 463651
Автор Новак, Бренда
Авторска отговорност първи автор
139 ## - Редно поле
Редна дума Новак, Бренда
Авторски знак Но - Н 85
245 ## - Сведения за заглавието
Заглавие Книжарницата край плажа
Редно поле (дума) Бренда Новак ; прев. от англ. Зорница Русева
260 ## - Област на издателските данни
9 (RLIN) 217021
Място на издаване, разпространение и проч. София
Име на издателя, разпространителя и проч. Сиела Норма
Година на издаване 2021
Печатница (Костинброд : Мултипринт)
Издателство - префикс ISBN 978-954-28-
300 ## - Физическа характеристика
Страници 496 с.
Размери/Мащаб 21 см
380 ## - Жанр
Жанр Худож. лит.
500 ## - Общи забележки
Забележка Ориг. загл. The Bookstore on the Beach / Brenda Novac
700 ## - Други автори (авторска отговорност)
Лично име Русева, Зорница Христова
Дати, свързани с автора 1984 -
Автороска отговорност (Описва отношението между автора и произведението) прев. от англ.
9 (RLIN) 463653
852 ## - Местоположение
Фондова буква Заемна - подръчен фонд
Систематично-азбучна сигнатура 821-31/Н 85 Б
999 ## - СИСТЕМНИ КОНТРОЛНИ НОМЕРА
Koha biblionumber 430747
Koha biblioitemnumber 430747
942 ## - АРТИКУЛИ
Вид на библиотечния материал Книги
Скрит в OPAC Не
Периодичен библиозапис Да
Koha issues (borrowed), all copies 74
944 ## - СЪЗДАВАНЕ И РЕДАКЦИЯ на ЗАПИСА
Създаване/Редакция Създаване
Дата на регистрацията/редакция 2021-09-01
Служител, извършил регистрацията/редакцията 30575
Статус, дата на статуса Мартин Енчев
999 ## - СИСТЕМНИ КОНТРОЛНИ НОМЕРА
Koha biblioitemnumber 430747
999 ## - СИСТЕМНИ КОНТРОЛНИ НОМЕРА
Koha biblioitemnumber 430747
Наличности
Код за отписване Код за изгубен артикул Източник на класификационната схема Код за повреда Коз за рестрикции Код за отдаване Артикулен № Име на библиотеката - собственик Име на библиотеката, в която се намира в момента Статус (Текущо местоположение) Дата на вписване в системата Местоположение - отдел Цена в лева Систематично азбучна сигнатура Баркод Цена в евро Служебен тип на артикула
  Не е изгубен Universal Decimal Classification Не е повреден без рестрикции заемане за дома 851137 Регионална библиотека "Любен Каравелов" Русе Регионална библиотека "Любен Каравелов" Русе Заемна - подръчен фонд 2021-09-02 Заемна - подръчен фонд 13.50 821-31/Н 85 Б 120000859718 6.90 Книги
  Не е изгубен Universal Decimal Classification Не е повреден без рестрикции заемане за дома 851138 Регионална библиотека "Любен Каравелов" Русе Регионална библиотека "Любен Каравелов" Русе Заемна - подръчен фонд 2021-09-02 Заемна - подръчен фонд 13.50 821-31/Н 85 Б 120000859719 6.90 Книги
  Не е изгубен Universal Decimal Classification Не е повреден без рестрикции заемане за дома 852211 Регионална библиотека "Любен Каравелов" Русе Регионална библиотека "Любен Каравелов" Русе Заемна - подръчен фонд 2021-09-15 Заемна - подръчен фонд 13.50 821-31/Н 85 Б 120000859761 6.90 Книги
  Не е изгубен Universal Decimal Classification Не е повреден без рестрикции заемане за дома 856352 Регионална библиотека "Любен Каравелов" Русе Регионална библиотека "Любен Каравелов" Русе Заемна - подръчен фонд 2021-09-29 Заемна - подръчен фонд 13.51 821-31/Н 85 Б 120000860046 6.91 Книги
Vip Innovations Ltd, Rousse, Bulgaria 2025